Guess the 1970s song lyrics #37 - Statistics

General Stats
  • This quiz has been taken 32 times
    17 since last reset
  • The average score is 211 of 294
Answer Stats
Answer % Correct
a
100%
A
100%
the
100%
The
100%
when
100%
an
93%
And
93%
and
93%
be
93%
can
93%
could
93%
He
93%
he
93%
hear
93%
her
93%
his
93%
in
93%
man
93%
that
93%
you
93%
girl
87%
good
87%
is
87%
it
87%
It
87%
life
87%
love
87%
No
87%
of
87%
Of
87%
on
87%
to
87%
what
87%
What
87%
would
87%
day
80%
him
80%
my
80%
night
80%
not
80%
she
80%
She
80%
They
80%
time
80%
your
80%
You're
80%
you're
80%
But
73%
down
73%
from
73%
say
73%
this
73%
feel
67%
hears
67%
its
67%
said
67%
them
67%
was
67%
whiskey
67%
wife
67%
At
60%
best
60%
Brandy
60%
couldn't
60%
does
60%
eyes
60%
fine
60%
home
60%
Made
60%
made
60%
story
60%
told
60%
Yeah
60%
away
53%
bars
53%
clear
53%
close
53%
lady
53%
stay
53%
summer's
53%
their
53%
town
53%
wine
53%
always
47%
came
47%
far
47%
honest
47%
loved
47%
loves
47%
name
47%
sailor
47%
sailors
47%
sailor's
47%
saw
47%
sea
47%
still
47%
There's
47%
there's
47%
used
47%
watch
47%
works
47%
about
40%
another
40%
around
40%
bay
40%
Bringing
40%
fall
40%
fetch
40%
gifts
40%
had
40%
harbor
40%
hundred
40%
Lonely
40%
north
40%
port
40%
round
40%
serves
40%
ships
40%
silent
40%
talk
40%
truth
40%
understand
40%
walks
40%
western
40%
who's
40%
bears
33%
braided
33%
chain
33%
finest
33%
glory
33%
homes
33%
layin
33%
locket
33%
ocean
33%
pass
33%
silver
33%
Spain
33%
steal
33%
through
33%
wears
33%
Lord
27%
rise
27%
yes
27%
raging
20%
No matching quizzes found
Score Distribution
Percent of People with Each Score
Percentile by Number Answered
Your Score History
You have not taken this quiz since the last reset